<?xml version="1.0" encoding="UTF-8"?>
<record
    xmlns:xsi="http://www.w3.org/2001/XMLSchema-instance"
    xsi:schemaLocation="http://www.loc.gov/MARC21/slim http://www.loc.gov/standards/marcxml/schema/MARC21slim.xsd"
    xmlns="http://www.loc.gov/MARC21/slim">

  <leader>00577nam a2200193Ia 4500</leader>
  <controlfield tag="001">60459</controlfield>
  <controlfield tag="008">141120s9999    xx            000 0 und d</controlfield>
  <datafield tag="020" ind1=" " ind2=" ">
    <subfield code="a">&#xFFFD;9783527334162&#xFFFD;</subfield>
  </datafield>
  <datafield tag="040" ind1=" " ind2=" ">
    <subfield code="c">PK-LaUMT</subfield>
  </datafield>
  <datafield tag="082" ind1=" " ind2=" ">
    <subfield code="a"> 621.042</subfield>
    <subfield code="b">FRI-E</subfield>
  </datafield>
  <datafield tag="100" ind1=" " ind2=" ">
    <subfield code="a">"Fricke, Jochen"</subfield>
  </datafield>
  <datafield tag="245" ind1=" " ind2=" ">
    <subfield code="a">Essentials of energy technology</subfield>
    <subfield code="b">"sources, transport, storage, and conservation"</subfield>
    <subfield code="c">"Fricke, Jochen|Borst, Walter L."</subfield>
  </datafield>
  <datafield tag="260" ind1=" " ind2=" ">
    <subfield code="a">"Weinheim,Germany:"</subfield>
    <subfield code="b">"Wiley-VCH Verlag,"</subfield>
    <subfield code="c">2013</subfield>
  </datafield>
  <datafield tag="300" ind1=" " ind2=" ">
    <subfield code="a">443 p.</subfield>
  </datafield>
  <datafield tag="546" ind1=" " ind2=" ">
    <subfield code="a">EN</subfield>
  </datafield>
  <datafield tag="650" ind1=" " ind2=" ">
    <subfield code="a">Energy technology</subfield>
  </datafield>
  <datafield tag="700" ind1=" " ind2=" ">
    <subfield code="a">"Borst, Walter L."</subfield>
  </datafield>
  <datafield tag="942" ind1=" " ind2=" ">
    <subfield code="c">BK</subfield>
  </datafield>
  <datafield tag="999" ind1=" " ind2=" ">
    <subfield code="c">60926</subfield>
    <subfield code="d">60926</subfield>
  </datafield>
  <datafield tag="952" ind1=" " ind2=" ">
    <subfield code="0">0</subfield>
    <subfield code="1">0</subfield>
    <subfield code="4">0</subfield>
    <subfield code="7">0</subfield>
    <subfield code="a">01</subfield>
    <subfield code="b">01</subfield>
    <subfield code="d">2014-11-15</subfield>
    <subfield code="l">1</subfield>
    <subfield code="o"> 621.042 FRI-E</subfield>
    <subfield code="p">79323</subfield>
    <subfield code="r">2016-09-06 00:00:00</subfield>
    <subfield code="s">2016-09-06</subfield>
    <subfield code="w">2014-11-20</subfield>
    <subfield code="y">BK</subfield>
  </datafield>
</record>
